[Event "Muhamedzjanov Memorial 4th"]
[Site "Nabereznye Chelny"]
[Date "2007.06.15"]
[Round "6"]
[White "Zubarev, Alexander2222"]
[Black "Mingachev, Mansur"]
[Result "1-0"]
[WhiteElo "2511"]
[BlackElo "2402"]
[PlyCount "87"]
[EventDate "2007.06.11"]
[EventType "tourn"]
[EventRounds "9"]
[EventCountry "RUS"]
[EventCategory "7"]
[SourceTitle "CBM 118 Extra"]
[Source "ChessBase"]
[SourceDate "2007.07.04"]
[SourceVersion "1"]
[SourceVersionDate "2007.07.04"]
[SourceQuality "1"]

1. d4 Nf6 2. Nf3 g6 3. c4 Bg7 4. g3 d5 5. cxd5 Nxd5 6. Bg2 0-0 7. 0-0 Nb6 8. Nc3 Nc6 9. e3 Re8 10. Re1 e5 11. d5 Na5 12. e4 c6 13. b3 cxd5 14. exd5 e4 15. Nxe4 Nxd5 16. Bg5 f6 17. Bd2 Nc6 18. Rc1 Bg4 19. Nc5 Qb6 20. h3 Bxf3 21. Qxf3 Ndb4 22. a3 Rxe1+ 23. Bxe1 Nd4 24. Qxb7 Re8 25. Kf1 Nbc2 26. Bd5+ Kh8 27. Qxb6 axb6 28. Ne6 Nxe1 29. Nxd4 Nd3 30. Rd1 Rd8 31. Rxd3 Rxd5 32. Ke2 Bf8 33. b4 Rd8 34. Nb5 Re8+ 35. Re3 Rb8 36. Kd3 Kg8 37. Re2 Kf7 38. Kc4 Rd8 39. Nd4 Ra8 40. Re3 Bh6 41. f4 g5 42. Nf5 Bf8 43. fxg5 fxg5 44. Kd5 1-0